| 000 | 01124nam a2200325 c 4500 | ||
|---|---|---|---|
| 001 | 12759 | ||
| 003 | ES-MaCES | ||
| 005 | 20141221122216.0 | ||
| 008 | 011001s2001 sp l o000 | spa d | ||
| 017 |
_aLR 183-2001 _bDL |
||
| 035 | _aCES20010014353m | ||
| 040 |
_aES-MaCES _bspa _cES-MaCES |
||
| 110 | 2 |
_aConsejo Económico y Social de La Rioja _92443 |
|
| 245 | 1 | 0 |
_aDictamen 3-2001 _b: sobre el Proyecto de decreto por el que se aprueba el Reglamento de tasas por inspecciones y controles sanitarios de carnes frescas y otros productos de origen animal _cConsejo Económico y Social de La Rioja |
| 260 |
_aLogroño _bCES _c2001 |
||
| 300 |
_a4 p. _c21 cm |
||
| 541 | _cGratuito | ||
| 650 | 4 |
_aprecio regulado _927912 |
|
| 650 | 4 |
_acontrol sanitario _928695 |
|
| 650 | 4 |
_ainspección _928212 |
|
| 650 | 4 |
_acarne _929749 |
|
| 650 | 4 |
_aproducción animal _927600 |
|
| 650 | 4 |
_aLa Rioja (Comunidad Autónoma) _930883 |
|
| 650 | 4 |
_arégimen jurídico _929894 |
|
| 650 | 4 |
_adictamen _930802 |
|
| 653 | 1 | 0 | _aSalud |
| 902 | _aLIB Libro | ||
| 942 |
_2CES _cBK _h3.1. |
||
| 999 |
_c12759 _d12759 |
||